| 000 | 00509nam a22001817a 4500 | ||
|---|---|---|---|
| 003 | CEME | ||
| 005 | 20210628210236.0 | ||
| 008 | 210209b xxu||||| |||| 00| 0 eng d | ||
| 020 | _a0-256-19580-3 | ||
| 040 | _c. | ||
| 082 | _a620.11 SCH | ||
| 100 |
_aSchaffer, James.P Saxena, Ashok Antolovich, Stephen.D _978696 |
||
| 245 | _aThe science and design of engineering materials | ||
| 260 |
_aCHICAGO _bIRWIN _c1995 |
||
| 300 | _a840P | ||
| 650 |
_aENGINEERING MATERIALS MATERIALS _978697 |
||
| 942 |
_cBK _2ddc |
||
| 999 |
_c583794 _d583794 |
||